Statistics for Ultimate Packers Quiz

Click here to take the quiz!

General Stats

  • This quiz has been taken 57 times
    (39 since last reset)
  • The average score is 7 of 16

Answer Stats

QuestionAnswer% Correct
How Many MVPs has Aaron Rodgers won?4
100%
Who has the most passing TDs in a season for the Packers?Aaron Rodgers
88%
Who is the Packers' all-time sack leader?Clay Matthews
79%
How many Super Bowls have the Packers played in?5
76%
Who has the most rushing yards in a season for the Packers?Ahman Green
70%
Which Packers player started 208 regular season games in a row?Brett Favre
70%
What season did the Packers score 560 points?2011
55%
What was the air temperature at the 1967 "Ice Bowl"?-13
48%
Who is the Packers' All-Time receiving yards leader?Donald Driver
48%
What is one of Green Bay's nicknames?Titletown
45%
Who has the most interceptions in a Packers career?Bobby Dillon
15%
Which Packers Defensive Lineman is nicknamed "The Grave Digger"?Gilbert Brown
15%
What is Vince Lombardi's All-Time playoff record?9-1
12%
Who has the most tackles in a season for the Packers?De'Vondre Campbell
9%
Which team did the Packers play in the 1985 "Snow Bowl"?Tampa Bay Buccaneers
9%
Which Defender had 20+ Sacks and 20+ Interceptions in his career?Leroy Butler
6%

Score Distribution

Percentile by Number Answered

Percent of People with Each Score

Your Score History

You have not taken this quiz since the last reset